01196nam a2200265 a 4500001001000000005001700010008004100027041000800068044000700076084002200083245005700105260001700162300002600179500004400205500016700249500004700416500004300463500002800506500009300534506009200627546005000719600004300769651005500812651006300867BRCA_496120190320204859.0221010s1696----sp-######v---#000-0#spa-# aspa asp aDOC55b.D63c169610aDocumento firmado por el [Rey Carlos II]cCarlos II. aMadridc1696 a[4] fojasc30 x 21 cm aDocumento firmado el 9 de abril de 1696 aDocumento dirigido a los oficiales Reales de México para que suspendan la satisfacción (sueldos) de todo lo librado el año de 1696, excepto los de minería a[Real cédula] firmada como ´Yo el Rey´ aEl documento tiene la leyenda DOC. #65 aPapel con marca de agua aEstado de conservación: Contiene laguna por rastro de polilla y márgenes maltratados0 aFondo reservado: para su consulta es necesario credencial de usuario y carta de motivos aTexto en: español de finales del siglo XVII14aCarlosbIIcRey de Españad1661-1700 4aMéxicovManuscritoxHistoriayColonia, 1521-1821 4aEspañavManuscritoxHistoriayCasa de Austria, 1516-1700